00361nam a22000977a 4500008004100000082001700041110000800058245016200066260002600228300000900254230609b xxu||||| |||| 00| 0 eng d a354.676bGOK bGOK a2013/2014 Supplementary Estimates (development Expenditure)bEstimate of further sums required to be voted for the service of the year ending 30th June, 2014 aKenyabGOKcJune 2014 a234p